| 000 | 00965cam a2200277 i 4500 | ||
|---|---|---|---|
| 999 |
_c200454142 _d72354 |
||
| 003 | TR-AnTOB | ||
| 005 | 20230918155737.0 | ||
| 007 | ta | ||
| 008 | 170221s2014 tu 000 0 tur d | ||
| 020 | _a9789752775114 | ||
| 040 |
_aTKRA _beng _erda _cTKRA _dTR-AnTOB |
||
| 041 | 0 | _atur | |
| 060 |
_aWN 18.2 _bR124 2014 TıpFaK |
||
| 096 |
_aWN18.2 _bR124 2014 TıpFaK |
||
| 245 | 0 | 0 |
_aRadyoloji : _byeni akıl notları : _byan dal-yeterlik-uzmanlık sınavlarına hazırlık : _breferans kaynaklar sizin için özetlendi! / _ceditör : Evrim Özmen. |
| 264 | 1 |
_aAnkara : _bGüneş Tıp., _c2014. |
|
| 300 |
_aix, 389 pages : _billustrations ; _c21 cm. |
||
| 336 |
_btxt _2rdacontent _atext |
||
| 337 |
_bn _2rdamedia _aunmediated |
||
| 338 |
_bnc _2rdacarrier _avolume |
||
| 500 | _aIncludes bibliographical references : pages 389. | ||
| 650 | 2 |
_aRadiography _956898 |
|
| 653 | _aTanısal Görüntüleme. Radyografi. | ||
| 942 |
_2NLM _cBK |
||